| 000 | 00405nam a2200133 a 4500 | ||
|---|---|---|---|
| 001 | 000039700 | ||
| 005 | 20201002033703.0 | ||
| 008 | 130716s1941 ag 000 0 spa d | ||
| 040 |
_aDO-SdBNP _bspa _cBNPHU |
||
| 100 | 1 |
_aRuiz Moreno, Martín T. _965895 |
|
| 245 | 1 | 0 |
_aVocabulario filosófico / _cMartín T. Ruiz Moreno. |
| 260 |
_aBuenos Aires : _bGuillermo Kraft LTDA., _c1941. |
||
| 300 |
_a156 P. ; _c23 cm. |
||
| 999 |
_c39190 _d39190 |
||